AH International Schools' Libraries

New Improved Buffalo (Khmer) / (Record no. 22374)

MARC details
000 -LEADER
fixed length control field 00357nam a2200121Ia 4500
008 - FIXED-LENGTH DATA ELEMENTS--GENERAL INFORMATION
fixed length control field 120921s9999 xx 000 0 und d
020 ## - INTERNATIONAL STANDARD BOOK NUMBER
International Standard Book Number 9789995093914
100 ## - MAIN ENTRY--PERSONAL NAME
Personal name Alyson, Sasha
9 (RLIN) 84366
245 ## - TITLE STATEMENT
Title New Improved Buffalo (Khmer) /
Statement of responsibility, etc Sasha Alyson
260 ## - PUBLICATION, DISTRIBUTION, ETC. (IMPRINT)
Place of publication, distribution, etc Cambodia
Name of publisher, distributor, etc 3DGraphics Publishing
Date of publication, distribution, etc 2008
300 ## - PHYSICAL DESCRIPTION
Extent 32 p.
Dimensions col. ill.
Other physical details 21 cm.
942 ## - ADDED ENTRY ELEMENTS (KOHA)
Source of classification or shelving scheme
Koha item type Book
Holdings
Withdrawn status Lost status Source of classification or shelving scheme Damaged status Not for loan Collection code Home library Current library Date acquired Total Checkouts Full call number Barcode Date last seen Date checked out Price effective from Koha item type
          Siem Riep Asian Hope Primary Library Asian Hope Primary Library 06/05/2013 40 KHMER E ALY 197646 01/20/2026 01/13/2026 06/05/2013 Book
          Siem Riep Asian Hope Primary Library Asian Hope Primary Library 05/12/2025 13 KHMER E ALY 208101 02/19/2026 02/12/2026 05/12/2025 Book

For any Logos Library related questions please contact Miss Art at swongnarasuk@asianhope.org.

For any Asian Hope Library related questions please contact Miss Raza at graza@asianhope.org.

Click here to explore our ebooks!

Powered by Koha